| 000 | 00666nam a22002297a 4500 | ||
|---|---|---|---|
| 003 | UA-OsUOA | ||
| 001 | 129615 | ||
| 007 | ta | ||
| 008 | 20180314b un ||||| |||| 00| 0 ukr d | ||
| 090 |
_a008(091)(100) _bІ-99 |
||
| 942 | _cBK | ||
| 040 |
_aUA-OsUOA _bukr _cUA-OsUOA _dUA-OsUOA |
||
| 245 |
_aІсторія світової культури _bнавчальний посібник _cЛ. Т. Левчук |
||
| 300 | _a400 с. | ||
| 955 | _a2 | ||
| 041 | _aukr | ||
| 080 | _a008(091)(100) | ||
| 020 | _a978-966-611-01-0117-2 | ||
| 260 |
_aК. _bЦУЛ _c2010 |
||
| 650 | 7 |
_a008 Цивілізація. Культура. Прогрес _2UDC |
|
| 999 |
_c417457 _d417457 |
||